000 00494nam a2200217Ia 4500
003 OSt
005 20230428095425.0
008 210423s1997 xx 000 0 und d
020 _a9781848376106
040 _cAL
041 _aeng
082 _a823
_223
_bKAFF
100 _aKAFKA (Franz)
_994536
245 _aCastle
260 _bPenguin Books Ltd
_c1997
300 _axix,279
_bPB
365 _b299
_cINR
650 _aEnglish Fiction
_994537
906 _aCastle
942 _2ddc
_cBK
999 _c161247
_d161247